01146nam a22002657a 45000010005000000030006000050050017000110080041000280200018000690400029000870500008001160820012001241000029001362450080001652500022002452600037002673000039003045050008003435200397003515210019007485210018007676500036007856500029008217000030008504450FISKH20240910111008.0240910b cb ||||| |||| 00| 0 eng d a9780007914821 aFISKHbengcFISKHdFISKH aPZ7 2823.914 aMorpurgo, Michaeld1943- aCockadoodle-doo, mr sultana! /cMichael Morpurgo Illustrated by Shoo Rayner aPublished in 2012 aLondon :bHarperCollins ,c2012. a94 pages :billustrations ;c20 cm aR  aA rich and greedy sultan meets his match in a VERY cheeky little red rooster... Hilariously wacky tale by bestselling author of War Horse. The rich and greedy sultan loves his jewels more than anything, so when he loses a diamond button he is furious! Especially as a naughty little red rooster seems determined to keep it... A marvellously funny tale by master storyteller, Michael Morpurgo.8 a770L bLexile 8 aR bRaz-Plus  2FictionaDonationvPicture book 2StudentaBeginning Level aRayner, ShoodIllustrator